| 000 | 00668cam a2200217 4500 | ||
|---|---|---|---|
| 008 | 000000n1991 000 0 eng u | ||
| 020 | _a0113214030 | ||
| 035 | _a(Sirsi) u103869 | ||
| 050 | _a725.5 | ||
| 110 |
_aNHS Estates _92893 |
||
| 245 | _aGeneral medical practice premises for the provision of primary health care services. | ||
| 260 |
_aLondon _bStationery Books _c1991 |
||
| 300 | _a50p. : ill ; 30cm. | ||
| 350 | _a20.00 | ||
| 490 |
_aHealth Building Note _v46 |
||
| 650 | _aDOCTORS SUGERIES | ||
| 650 | _aGENERAL PRACTITIONERS | ||
| 650 | _aBUILT ENVIRONMENT-CONSTRUCTION DESIGN | ||
| 690 | _aBUILT ENVIRONMENT-CONSTRUCTION DESIGN | ||
| 942 | _n0 | ||
| 999 |
_c100182 _d100182 |
||